Los aditivos en los alimentos
Saved in:
| Hovedforfatter: | |
|---|---|
| Format: | Bog |
| Sprog: | spansk |
| Udgivet: |
Madrid
Mundi-Prensa Libros
1992
|
| Fag: | |
| Tags: |
Tilføj Tag
Ingen Tags, Vær først til at tagge denne postø!
|
MARC
| LEADER | 00000nam a2200000 a 4500 | ||
|---|---|---|---|
| 001 | UCZ2078 | ||
| 003 | CL-VaPUC | ||
| 008 | 950925e19920000SP |||||||||||||||||spa|d | ||
| 082 | 0 | 4 | |a 664.06 |b MAD |2 21 |
| 100 | |a Madrid Vicente, Antonio |e autor |9 551252 | ||
| 245 | 1 | 4 | |a Los aditivos en los alimentos |
| 300 | |a 252 p | ||
| 942 | |c BK | ||
| 945 | |d 19950925 00:00:00 |a awong | ||
| 260 | |a Madrid |b Mundi-Prensa Libros |c 1992 | ||
| 650 | 0 | |a Industria alimentaria |9 331702 | |
| 650 | 0 | |a Productos lácteos |9 259521 | |
| 650 | 0 | |a Carne |9 259507 | |
| 650 | 0 | |a Alimentos |9 256203 | |
| 650 | 7 | |a TECNOLOGIA DE ALIMENTOS |2 CL-VaPUC |9 345889 | |
| 583 | |a last modification |c 20120904 09:48:20 |k Rodrigo Vera | ||
| 999 | |c 238730 |d 238728 | ||
| 952 | |0 0 |1 0 |4 0 |6 664_060000000000000_MAD_1992 |7 0 |8 A |9 249159 |a BIBALI |b BIBALI |c RES |d 2019-11-18 |i 3136647 |o 664.06 MAD 1992 |p 3136647 |r 2025-01-20 |w 2019-11-18 |y BK_R |k ALI | ||